|
|
|
|
| LEADER |
00000nam#a22000001a#4500 |
| 001 |
00034529 |
| 003 |
AR-BaUAD |
| 005 |
20230908142459.0 |
| 008 |
230124s2011####ag#aeo|##||||||||#||spa|d |
| 020 |
|
|
|a 9789875843325
|
| 040 |
|
|
|a AR-BaUAD
|b spa
|c AR-BaUAD
|
| 041 |
|
|
|a spa
|
| 044 |
|
|
|c ar
|2 ISO3166-1
|
| 080 |
|
|
|a 72
|
| 080 |
|
|
|a 72.01
|
| 080 |
|
|
|a 72
|x (82)
|
| 100 |
1 |
|
|a Gaite, Arnoldo,
|d 1934-
|
| 245 |
1 |
3 |
|a El taller de arquitectura :
|b ideas y escritos para la enseñanza, crónicas del taller.
|
| 260 |
|
|
|a Buenos Aires :
|b Nobuko,
|c c2011
|
| 300 |
|
|
|a 208 p. :
|b il., cortes, dib., fot., planos, plantas, vistas axonom.
|
| 505 |
|
|
|a Introducción -- Para un taller vertical -- Aproximaciones al diseño -- Arquitectura: arte o técnica? -- Arquitectura y arquitectos -- Láminas I -- Láminas II -- Láminas III -- Láminas IV -- El proyecto -- Láminas V -- Láminas VI -- Láminas VII -- Análisis y síntesis -- Una guía para el análisis -- Láminas VIII -- El dibujo -- Láminas IX -- Un procedimiento proyectual -- De las condiciones de uso -- De las técnicas -- De las formas -- Notas -- Reflexiones acerca de la enseñanza de arquitectura -- La enseñanza de arquitectura, para que y como. -- Entrevista.
|
| 500 |
|
|
|a Índice: p. 5.
|
| 500 |
|
|
|a Prólogo / Arnoldo Gaite: p. 7-9.
|
| 504 |
|
|
|a Datos bibliográficos: p. 208.
|
| 655 |
|
|
|a TEXTO
|
| 852 |
|
|
|c FALTA UBICACION (campo 203)!!!
|
| 952 |
|
|
|0 0
|1 0
|4 0
|6 VER
|7 0
|9 42452
|a AR-BaUAD
|b AR-BaUAD
|d 2023-01-24
|e Donac. Arrese
|g 3250.00
|i 36188
|l 0
|o ver
|p jwhmy36188
|r 2023-09-08 14:24:59
|w 2023-09-08
|y BK
|
| 952 |
|
|
|0 0
|1 0
|4 0
|6 VER
|7 0
|9 42453
|a AR-BaUAD
|b AR-BaUAD
|d 2023-03-06
|e Donac. Doctorado
|g 3250.00
|i 36516
|l 0
|o ver
|p 15iw036516
|r 2023-09-08 14:24:59
|w 2023-09-08
|y BK
|
| 990 |
|
|
|a Ej. N° 1 : 36188 . 2023-01-24 -- Donac. Arrese -- (3250 pesos).
|b ADM
|
| 990 |
|
|
|a Ej. N° 1 : 36516 . 2023-03-06 -- Donac. Doctorado -- (3250 pesos).
|b ADM
|
| 990 |
|
|
|a AQ201
|b TD
|
| 990 |
|
|
|a RNJ
|b OP
|
| 990 |
|
|
|a AAQ00034529
|b CC
|
| 998 |
|
|
|a AAQ
|b Bibun 76
|
| 942 |
|
|
|c BK
|
| 999 |
|
|
|c 22515
|d 22515
|